000 00596nam a2200217Ia 4500
003 OSt
005 20220928135205.0
006 a|||||r|||| 00| 0
007 ta
008 220927b |||||||| |||| 00| 0 eng d
024 _a849
037 _cTextual
040 _aSDCL
_cSDCL
_beng
041 _2eng
_aeng
082 _aX.791 'N3, M4
100 _aThrop Rosemary Ed.
_9489502
245 0 _aLatin America in the 1930's
_b The role of the periphery in world crisis
260 _c1984
942 _hX.791 'N3, M4
_cTEXL
_2CC
999 _c804791
_d804791